000 00882cab a2200265 4500
001 WB2906-30
008 090401t1993 xxu||||| |||| 00| 0 eng d
035 _a(Sirsi) u48565
041 _aeng
245 _aSuing docklands developers
260 _c1993
350 _a0
490 _aEvening Standard
_v9 February 1993, 18(1)
520 _aLondon Dockland residents have been given leave to take their claim to the High Court for compensation against developers including LDDC, Olympia and York and London Regional Transport for disruption caused by noise and dust during construction work. (See also WB2844-12)
650 _aCOMPENSATION
650 _aDISRUPTION
650 _aDUST
650 _aLONDON DOCKLANDS
650 _aNOISE
650 _aSAFETY
650 _aSTRESS
690 _aENVIRONMENTAL AND LAND CONSULTANCY
942 _n0
948 _c04/03/1997
999 _c30506
_d30506